Statistics for Boston Sports

Click here to take the quiz!

General Stats

  • This quiz has been taken 69 times
  • The average score is 5 of 6

Answer Stats

HintAnswer% Correct
HockeyBruins
98%
BasketballCeltics
98%
American FootballPatriots
96%
BaseballRed Sox
96%
Soccer (Mens)Revolution
69%
Soccer (Womens)Breakers
27%

Score Distribution

Percentile by Number Answered

Percent of People with Each Score

Your Score History

You have not taken this quiz